| 000 | 00349cam a2200145ua 4500 | ||
|---|---|---|---|
| 041 |
_aeng _h |
||
| 082 |
_a1476.3 _bLEN/MA |
||
| 100 | _aLenin V.J, . | ||
| 245 |
_aMateriaand empirio-criticism / _cLenin V.J. _hTextual Documents |
||
| 260 |
_a : _bProgress pub , _c1923. |
||
| 300 | _a367 ; . | ||
| 504 | _a | ||
| 942 | _cBK | ||
| 999 |
_c11817 _d11817 |
||